Guess - Statistics

General Stats
  • This quiz has been taken 4 times
  • The average score is 3 of 6
Answer Stats
Question Answer % Correct
Who has a 100 percent win rate in wc finals with the most finals won uruguay
75%
How many epl titles did liverpool lost because of slippy g 2
50%
For what club did suarez not play Psv
50%
What was the worst national team in 1960? Tonga
50%
How many epl titles did spurs win? 2
25%
What epl team won the first ucl nottingham forrest
25%
No matching quizzes found
Score Distribution
Percent of People with Each Score
Percentile by Number Answered
Your Score History
You have not taken this quiz